El nuevo libro de los valores. (Registro nro. 38415)

Detalles MARC
000 -CABECERA
Longitud fija campo de control 01282nam a22003135i 4500
003 - • IDENTIFICADOR DELl NÚMERO DE CONTROL
Identificador del número de control CO-BoRNBP
005 - • FECHA Y HORA DE LA ÚLTIMA TRANSACCIÓN
Fecha y hora de la última transacción 20241008080210.0
007 - • CAMPO FIJO DE DESCRIPCIÓN FÍSICA
Campo fijo de descripción física ta
008 - • CÓDIGOS DE INFORMACIÓN DE LONGITUD FIJA
Códigos de información de longitud fija 181122s2017 ck a br 000 spa d
020 ## - • NÚMERO INTERNACIONAL NORMALIZADO PARA LIBROS
Número Internacional Normalizado para Libros (ISBN) 9789587576818
040 ## - FUENTE DE LA CATALOGACIÓN
Centro catalogador de origen CO-BoUNC
Lengua de catalogación spa
Normas de descripción rda
Centro transcriptor CO-BoUNC
084 ## - • Clasificación Local Alfanúmerica PNLB
Número de clasificación C CUE
100 ## - • PUNTO DE ACCESO PRINCIPAL-NOMBRE DE PERSONA
Nombre de persona Miranda Saldaña, Patricia
Término indicativo de función autor
245 03 - • TITULO PROPIAMENTE DICHO
Título El nuevo libro de los valores.
Mención de responsabilidad, etc. Patricia Miranda Saldaña, Julio Orozco Vargas, Andrés Castillo Brieva; ilustraciones, Carlos Velásquez
250 ## - • MENCIÓN DE EDICIÓN
Mención de edición 1a. edición
264 #1 - PRODUCCIÓN, PUBLICACIÓN , DISTRIBUCIÓN, FABRICACIÓN Y COPYRIGHT
Lugar de producción, publicación, distribución, fabricación Bogotá
Nombre del productor, editor, distribuidor, fabricante intermedio editores
Fecha de de producción, publicación, distribución, fabricación o copyright 2017
300 ## - • DESCRIPCIÓN FÍSICA
Extensión 159 páginas ; :
Otras características físicas Ilustraciones ;
Dimensiones 29 cm.
336 ## - TIPO DE CONTENIDO
Término de tipo de contenido texto
Código de tipo de contenido txt
Fuente rdacontent
337 ## - TIPO DE MEDIO
Nombre del tipo de medio sin mediación
Código del tipo de medio n
Fuente rdamedia
338 ## - TIPO DE SOPORTE
Nombre del tipo de soporte volumen
Código del tipo de soporte nc
Fuente rdacarrier
650 17 - • PUNTO DE ACCESO ADICIONAL DE MATERIA - TÉRMINO DE MATERIA
Fuente del encabezamiento o término LEMB
Término de materia o nombre geográfico como elemento inicial Valores (filosofía)
Subdivisión de forma Literatura infantil
650 17 - • PUNTO DE ACCESO ADICIONAL DE MATERIA - TÉRMINO DE MATERIA
Fuente del encabezamiento o término LEMB
Término de materia o nombre geográfico como elemento inicial Valores sociales
Subdivisión de forma Literatura infantil
650 17 - • PUNTO DE ACCESO ADICIONAL DE MATERIA - TÉRMINO DE MATERIA
Fuente del encabezamiento o término LEMB
Término de materia o nombre geográfico como elemento inicial Cuentos infantiles
Subdivisión de forma Colecciones
650 17 - • PUNTO DE ACCESO ADICIONAL DE MATERIA - TÉRMINO DE MATERIA
Fuente del encabezamiento o término LEMB
Término de materia o nombre geográfico como elemento inicial Actividades creativas y trabajo de clase
700 1# - • PUNTO DE ACCESO ADICIONAL - NOMBRE DE PERSONA
Nombre de persona Patricia Miranda Saldaña
Fechas asociadas al nombre Investigación y redacción de texto
700 1# - • PUNTO DE ACCESO ADICIONAL - NOMBRE DE PERSONA
Nombre de persona Julio Orozco Vargas
Término indicativo de función Investigación y redacción de texto
700 1# - • PUNTO DE ACCESO ADICIONAL - NOMBRE DE PERSONA
Nombre de persona Andrés Castillo Brieva
Término indicativo de función Investigación y redacción de texto
942 ## - ENTRADA DE ELEMENTOS AGREGADOS (KOHA)
Fuente de clasificaión o esquema Dewey Decimal Classification
Koha [por defecto] tipo de item LIbro
Existencias
Perdido Fuente de clasificación o esquema Estado Físico No para préstamo Forma de adquisición Localización permanente Localización actual Localización en estanterías Fecha adquisición Préstamos totales Signatura completa Código de barras Fecha última consulta Número de copia Fecha del precio de reemplazo Tipo de item de Koha Note pública
        Colección Sala Infantil de Literatura Pocatil y Tilín Biblioteca Pública Departamental Eduardo Carranza - Villavicencio Biblioteca Pública Departamental Eduardo Carranza - Villavicencio Sala Infantil 01/17/2022   121.8 M37n ECA28160 11/26/2024 Ej.1 11/26/2024 LIbro 21273 | 27125
  Dewey Decimal Classification     Infantil Biblioteca Pública Guamal Biblioteca Pública Guamal Sala Infantil 10/08/2024   C CUE GUA004200 10/08/2024 Ej.1 10/08/2024 Libro Infantil  









Instituto Departamental de Cultura del Meta - Red Departamental de Bibliotecas Públicas del Meta.